Normal view
MARC view
Entry Nombre geográfico
001 - NÚMERO DE CONTROL
- campo de control: 53280
003 - IDENTIFICADOR DEL NÚMERO DE CONTROL
- campo de control: OSt
005 - FECHA Y HORA DE LA ÚLTIMA TRANSACCIÓN
- campo de control: 20200615034519.0
008 - DATOS DE LONGITUD FIJA
- campo de control de longitud fija: 200615|| aca||aabn | a|a d
040 ## - FUENTE DE LA CATALOGACIÓN
- Centro catalogador/agencia de origen: OSt
- Centro/agencia transcriptor: OSt
151 ## - ENCABEZAMIENTO--NOMBRE GEOGRÁFICO
- Nombre geográfico: AMÉRICA LATINA
- Subdivisión general: POLÍTICA Y GOBIERNO
- Subdivisión general: CONGRESOS, CONFERENCIAS, ETC
670 ## - FUENTE DE DATOS ENCONTRADOS
- Cita de la fuente: Work cat.: (OSt)25743: Cumbre Iberoamericana de Jefes de Estado y de Gobierno (20, 2008 Santo Domingo, República Dominicana) 53279, Momentos estelares de la cumbre del Grupo de Río en Santo Domingo. /, 2008.
